Geography Quiz

Random Geography or State Quiz

US Counties [ Pacific ] Quiz Stats

Quiz not verified by Sporcle

Challenge
Share
Tweet
Embed
Score 0/133 Timer 15:00
0 Plays Today
State Counties % Correct
CaliforniaSan Francisco
88.2%
CaliforniaLos Angeles County
79.4%
CaliforniaOrange County
70.6%
CaliforniaSan Diego County
64.7%
CaliforniaSacramento County
61.8%
OregonWashington County
61.8%
WashingtonKing County
58.8%
CaliforniaAlameda County
58.8%
CaliforniaSan Mateo County
58.8%
CaliforniaHumboldt County
55.9%
CaliforniaMarin County
55.9%
CaliforniaNapa County
55.9%
CaliforniaSan Bernardino County
55.9%
CaliforniaSan Luis Obispo County
55.9%
CaliforniaSanta Barbara County
55.9%
CaliforniaSanta Clara County
55.9%
WashingtonJefferson County
52.9%
CaliforniaMonterey County
52.9%
CaliforniaRiverside County
52.9%
CaliforniaSanta Cruz County
52.9%
CaliforniaSonoma County
52.9%
CaliforniaVentura County
52.9%
OregonJefferson County
52.9%
WashingtonLincoln County
50%
CaliforniaContra Costa County
50%
CaliforniaImperial County
50%
CaliforniaKern County
50%
CaliforniaSolano County
50%
OregonLincoln County
50%
CaliforniaDel Norte County
47.1%
CaliforniaKings County
47.1%
CaliforniaLake County
47.1%
CaliforniaMendocino County
47.1%
CaliforniaMerced County
47.1%
CaliforniaNevada County
47.1%
CaliforniaSan Joaquin County
47.1%
CaliforniaYolo County
47.1%
OregonLake County
47.1%
OregonMultnomah County
47.1%
WashingtonLewis County
44.1%
WashingtonPacific County
44.1%
WashingtonPierce County
44.1%
WashingtonSan Juan County
44.1%
CaliforniaFresno County
44.1%
CaliforniaPlacer County
44.1%
State Counties % Correct
CaliforniaSierra County
44.1%
CaliforniaSiskiyou County
44.1%
CaliforniaStanislaus County
44.1%
CaliforniaYuba County
44.1%
OregonClackamas County
44.1%
WashingtonBenton County
41.2%
WashingtonClark County
41.2%
WashingtonFranklin County
41.2%
WashingtonSnohomish County
41.2%
WashingtonWalla Walla County
41.2%
WashingtonWhatcom County
41.2%
WashingtonYakima County
41.2%
CaliforniaAlpine County
41.2%
CaliforniaAmador County
41.2%
CaliforniaButte County
41.2%
CaliforniaLassen County
41.2%
CaliforniaMono County
41.2%
CaliforniaPlumas County
41.2%
CaliforniaSan Benito County
41.2%
CaliforniaShasta County
41.2%
OregonBenton County
41.2%
OregonJackson County
41.2%
WashingtonGrays Harbor County
38.2%
WashingtonSpokane County
38.2%
WashingtonThurston County
38.2%
CaliforniaCalaveras County
38.2%
CaliforniaInyo County
38.2%
CaliforniaMadera County
38.2%
CaliforniaMariposa County
38.2%
CaliforniaModoc County
38.2%
CaliforniaSutter County
38.2%
CaliforniaTehama County
38.2%
CaliforniaTulare County
38.2%
OregonDeschutes County
38.2%
OregonHood River County
38.2%
OregonLane County
38.2%
OregonMalheur County
38.2%
OregonMarion County
38.2%
OregonPolk County
38.2%
WashingtonDouglas County
35.3%
WashingtonGrant County
35.3%
WashingtonMason County
35.3%
CaliforniaEl Dorado County
35.3%
CaliforniaGlenn County
35.3%
CaliforniaTrinity County
35.3%
State Counties % Correct
CaliforniaTuolumne County
35.3%
OregonCoos County
35.3%
OregonDouglas County
35.3%
OregonGrant County
35.3%
OregonJosephine County
35.3%
OregonLinn County
35.3%
OregonUnion County
35.3%
OregonWasco County
35.3%
WashingtonColumbia County
32.4%
WashingtonIsland County
32.4%
WashingtonSkagit County
32.4%
WashingtonSkamania County
32.4%
OregonBaker County
32.4%
OregonColumbia County
32.4%
OregonHarney County
32.4%
OregonKlamath County
32.4%
OregonYamhill County
32.4%
WashingtonAsotin County
29.4%
WashingtonClallam County
29.4%
OregonClatsop County
29.4%
OregonTillamook County
29.4%
OregonWheeler County
29.4%
WashingtonKitsap County
26.5%
WashingtonOkanogan County
26.5%
WashingtonWhitman County
26.5%
CaliforniaColusa County
26.5%
OregonCrook County
26.5%
OregonSherman County
26.5%
OregonWallowa County
26.5%
WashingtonChelan County
23.5%
WashingtonFerry County
23.5%
WashingtonGarfield County
23.5%
WashingtonStevens County
23.5%
OregonCurry County
23.5%
OregonGilliam County
23.5%
OregonUmatilla County
23.5%
WashingtonCowlitz County
20.6%
WashingtonKittitas County
20.6%
WashingtonKlickitat County
20.6%
WashingtonPend Oreille County
20.6%
WashingtonWahkiakum County
20.6%
OregonMorrow County
20.6%
8.8%

You're not logged in!

Compare scores with friends on all Sporcle quizzes.
Sign Up with Email
OR
Log In

You Might Also Like...

Show Comments

Extras

Top Quizzes Today


Score Distribution

Your Account Isn't Verified!

In order to create a playlist on Sporcle, you need to verify the email address you used during registration. Go to your Sporcle Settings to finish the process.

Report this User

Report this user for behavior that violates our Community Guidelines.

Details: